| 000 | 01327cam a22002654a 4500 | ||
|---|---|---|---|
| 001 | 15519888 | ||
| 005 | 20081202110513.0 | ||
| 008 | 081113s2008 njua 001 0 eng | ||
| 010 | _a 2008279036 | ||
| 020 | _a0131580140 | ||
| 040 |
_aDLC _cDLC |
||
| 050 | 0 | 0 |
_aQA76.5 _b.D24563 2008 |
| 082 | 0 | 0 |
_a004 _222 _bDAL |
| 100 | 1 |
_aDaley, William, _d1953- . _94423 |
|
| 245 | 1 | 0 |
_aComputers are your future. _cBill Daley. |
| 250 | _aComplete 9th ed. | ||
| 260 |
_aUpper Saddle River, NJ : _bPearson Prentice Hall, _c2008. |
||
| 300 |
_axv, 607 p. : _bill. (chiefly col.) ; _c28 cm. |
||
| 500 | _aIncludes index. | ||
| 505 | 0 | _aComputers & you -- The internet & the world wide web--Wired & wireless communication -- System software -- Application software : tools for productivity -- Inside the system unit -- Input/output and storage -- Networks : communicating and sharing resources -- Careers and certification -- Programming languages and program development -- Databases and information systems -- Systems analysis and design -- Enterprise computing -- Emerging technologies. | |
| 650 | 0 |
_aComputers. _94424 |
|
| 942 |
_2ddc _cBB |
||
| 999 |
_c11454 _d11454 |
||